| 000 | 00699nam a2200217 a 4500 | ||
|---|---|---|---|
| 001 | 21718 | ||
| 003 | CO-ViMGA | ||
| 008 | 141112s2004 ck r 000 u spa d | ||
| 020 | _a8426132952 | ||
| 040 |
_aCO-ViMGA _bspa _cCO-ViMGA |
||
| 082 | 0 | 4 | _aGEIm |
| 100 | 1 |
_aGeisler, Dagmar _930997 |
|
| 245 | 1 | 0 | _aMax juega en la arena |
| 260 |
_aBarcelona : _bJuventud, _c2002 |
||
| 300 | _a10 | ||
| 590 | _aForma de adquisición : Donación fact. 8857 - - Precio : 25500 - - Proveedor : Fundación exito - - Fecha de adquisición : Julio 2007 | ||
| 650 | 1 | 4 | _aCUENTOS INFANTILES ALEMANES |
| 650 | 1 | 4 |
_aLIBROS ILUSTRADOS PARA NIÑOS _92001 |
| 650 | 1 | 4 |
_aOSOS - CUENTOS INFANTILES _930998 |
| 942 |
_2ddc _cBK |
||
| 999 |
_c30277 _d30277 |
||